000 00605cam a2200217 4500
001 J111135
008 000000n2000 000 0 eng u
035 _a(Sirsi) u111135
050 _a346.4104343
110 _aLegal and General Investment Management
_94052
245 _aPricing different lease lengths.
260 _aLondon
_bLegal & General
_c2000
300 _a5p. ; 30cm.
650 _aCOMMERCIAL LEASES
650 _aLEASES
650 _aLEASE LENGTH
650 _aBUSINESS TENANCIES
650 _aPROPERTY INVESTMENT
690 _aLANDLORD AND TENANT-BUSINESS TENANCIES
942 _n0
999 _c101205
_d101205